000 00659nam a2200277Ia 4500
005 20260324124229.0
008 008 260324s9999 xx 000 0 eng d
020 _a9780203848845
037 _aEBOOK
040 _aCRL
040 _beng
040 _cCRL
041 _2eng
041 _aeng
084 _qCRL
100 _aChiara Bottici; BenoƮt Challand
_91172527
245 4 _aThe Myth of the Clash of Civilizations
260 _bTaylor and Francis
260 _c2010
365 _a
365 _b240
856 _uhttp://www.taylorfrancis.com/books/9780203848845
942 _cEBOOK
999 _c1767559
_d1767559